Statistics for Justin Bieber - Purpose (Deluxe Edition) Quiz

Click here to take the quiz!

General Stats

  • This quiz has been taken 136 times
  • The average score is 11 of 18

Answer Stats

No.PeakSong% Correct
4.#1Sorry
94%
13.#43Purpose
86%
3.#1What Do You Mean?
86%
5.#1Love Yourself
82%
2.#19I'll Show You
72%
1.#42Mark My Words
71%
8.#54No Sense
71%
6.#53Company
68%
7.#49No Pressure
68%
12.#74Children
67%
11.#8Where Are U Now
65%
9.#31The Feeling
57%
18.DIDN'T CHARTAll In It
55%
17.#98Trust
51%
10.#67Life Is Worth Living
50%
14.#81Been You
48%
16.#88We Are
47%
15.#90Get Used To Me / It
6%

Score Distribution

Percentile by Number Answered

Percent of People with Each Score

Your Score History

You have not taken this quiz